Normal view MARC view

Entry Topical Term

Number of records used in: 1

001 - CONTROL NUMBER

  • control field: 55319

003 - CONTROL NUMBER IDENTIFIER

  • control field: OSt

005 - DATE AND TIME OF LATEST TRANSACTION

  • control field: 20241119134940.0

008 - FIXED-LENGTH DATA ELEMENTS

  • fixed length control field: 241119|| aca||aabn | a|a d

040 ## - CATALOGING SOURCE

  • Original cataloging agency: OSt
  • Transcribing agency: OSt

150 ## - HEADING--TOPICAL TERM

  • Topical term or geographic name entry element: ဝိပဿနာ
  • General subdivision: တရားတော်များ

670 ## - SOURCE DATA FOUND

  • Source citation: Work cat.: (OSt)16661: အောင်မင်္ဂလာဆရာတော် 17291, ဝိပဿနာအောင်ဓမ္မဒေသနာကိုယ်တွေ့ဉာဏ်မြင်ဓာတ်ခြောက်ပါးအခြေခံသည့်တရားတော်များ(ဒုတိယတွဲ)/, ၁၉၇၇။

Library - 09407999929
Admin Office - 09407999979
Dean Office - 09250910768
Registrar Office - 09892297154
Email - [email protected]
Shan State Buddhist University, Phaya Phyu Taunggyi, Shan State, Myanmar.